000 00700 a2200253 4500
001 43793
005 20260407155718.0
008 260407a1974 arg spa d
003 AR-UNSa-BCEJYS
040 _aAR-UNSa-BCEJYS
_bspa
_cAR-UNSa-BCEJYS
080 _a330.342.14
_xEconomía capitalista
245 1 0 _aLa transición del feudalismo al capitalismo
264 1 _aBuenos Aires :
_bEdiciones La Cruz del Sur
_c1974
300 _a149 p.
_c17 cm.
041 _aspa
942 _cBK
590 _aniveau_biblio:m niveau_hierar:0
100 1 _aSweezy, Paul M.
700 1 _aDobb, Maurice
700 1 _aTakahashi, K.
700 1 _aHilton, R.M.
700 1 _aHill, C.
700 1 _aLefebvre, G.
999 _c3712
_d3712